000 01206nam a2200289 i 4500
001 bg
003 BPK
005 20190722100426.0
008 021109s1977 pl a f f |001 0 pol
015 _aPB 1977/4969
040 _aWA N
_cBPK
041 0 _apol
080 _a51
080 _a(075.8)
100 1 _aLeitner, Roman
_d(1914-2008).
_eAutor
245 1 0 _aZarys matematyki wyższej dla inżynierów.
_nCz. 1,
_pLogika, algebra Boole`a, równania linowe, geometria analityczna, ciągi liczbowe, szeregi liczbowe, rachunek różniczkowy, geometria różniczkowa /
_cRoman Leitner.
246 3 0 _aLogika, algebra Boole`a, równania linowe, geometria analityczna, ciągi liczbowe, szeregi liczbowe, rachunek różniczkowy, geometria różniczkowa
250 _aWyd. 6 zm.
260 _aWarszawa :
_bWydawnictwa Naukowo-Techniczne,
_c1977.
300 _a447 s. :
_bil., err. ;
_c25 cm.
504 _aIndeksy.
650 4 _aMatematyka
_xszkoły wyższe.
655 4 _aPodręczniki akademickie
710 2 _aWydawnictwa Naukowo-Techniczne
_4pbl.
856 _uhttp://koha.tu.koszalin.pl/cgi-bin/koha/opac-detail.pl?biblionumber=2937
_yKatalog online BPK
942 _2UKD
_cKS
999 _c2937
_d2937